Normal view MARC view

Entry Topical Term

Number of records used in: 1

001 - CONTROL NUMBER

  • control field: 253344

003 - CONTROL NUMBER IDENTIFIER

  • control field: OSt

005 - DATE AND TIME OF LATEST TRANSACTION

  • control field: 20260130160036.0

008 - FIXED-LENGTH DATA ELEMENTS

  • fixed length control field: 260130|| aca||aabn | a|a d

040 ## - CATALOGING SOURCE

  • Original cataloging agency: OSt
  • Transcribing agency: OSt

150 ## - HEADING--TOPICAL TERM

  • Topical term or geographic name entry element: medical

670 ## - SOURCE DATA FOUND

  • Source citation: Work cat.: (OSt)107482: CHATTERJEA (M N) 253340, Textbook of medical biochemistry , 2005